Journey into geometries /

Guardado en:
Autor Principal: Sved, Marta.
Formato: Libro
Idioma:English
Publicado: Washington, D.C. : Mathematical Association of America, [c1991]
Series:MAA spectrum.
Materias:
Acceso en línea:Publisher description
Table of contents
Etiquetas: Agregar Etiqueta
Sin Etiquetas, Sea el primero en etiquetar este registro!
LEADER 00976cam a2200253 a 4500
001 MAT.inmabb006057
008 910429s1991####dcua#####b####000#0#eng#d
005 20130311113308.0
245 1 0 |a Journey into geometries /  |c Marta Sved ; with foreword by H.S.M. Coxeter ; illustrations by John Stillwell. 
260 |a Washington, D.C. :  |b Mathematical Association of America,  |c [c1991] 
300 |a xv, 182 p. :  |b il. ;  |c 23 cm. 
490 1 |a Spectrum series 
504 |a Incluye referencias bibliográficas. 
510 4 |a MR,  |c 93a:51001 
020 |a 0883855003 
100 1 |a Sved, Marta. 
830 0 |a MAA spectrum. 
650 0 |a Geometry  |x Problems, exercises, etc. 
084 |a 51-01  |2 msc2000 
010 |a  91061590  
040 |a MU  |c MU  |d WaU  |d TxGeoS  |d DLC 
856 4 2 |3 Publisher description  |u http://www.loc.gov/catdir/description/cam024/91061590.html 
856 4 1 |3 Table of contents  |u http://www.loc.gov/catdir/toc/cam027/91061590.html 
859 |h 51  |i Sv968  |p A-6609  |b BIB. MATEMATICA